|
|
|
|
| LEADER |
00000nam0a2200000 4500 |
| 001 |
263823 |
| 005 |
20231101233756.0 |
| 010 |
|
|
|a 5020286095
|
| 020 |
|
|
|a RU
|b 88-68648
|
| 035 |
|
|
|a (RuTPU)RU\TPU\book\286813
|
| 090 |
|
|
|a 263823
|
| 100 |
|
|
|a 20140611d1988 k y0rusy5003 ca
|
| 101 |
0 |
|
|a rus
|
| 102 |
|
|
|a RU
|
| 105 |
|
|
|a y z 001zy
|
| 200 |
1 |
|
|a Проекционно-разностные методы определения коэффициентов гиперболических уравнений
|f С. И. Кабанихин
|g Академия наук СССР (АН СССР), Сибирское отделение (СО), Вычислительный центр ; отв. ред. В. Г. Романов
|
| 210 |
|
|
|a Новосибирск
|c Наука
|d 1988
|
| 215 |
|
|
|a 165 с.
|d 22 см
|
| 320 |
|
|
|a Библиогр.: с. 154-166 (272 назв.).
|
| 606 |
1 |
|
|a Дифференциальные уравнения с частными производными
|x Решение
|x Численные методы
|2 stltpush
|3 (RuTPU)RU\TPU\subj\9726
|9 36905
|
| 610 |
1 |
|
|a интегродифференциальные уравнения
|
| 610 |
1 |
|
|a операторные уравнения
|
| 610 |
1 |
|
|a уравнения Вольтерра
|
| 610 |
1 |
|
|a гиперболические системы
|
| 610 |
1 |
|
|a гиперболические уравнения
|
| 610 |
1 |
|
|a одномерные обратные задачи
|
| 610 |
1 |
|
|a конечно-разностные методы
|
| 610 |
1 |
|
|a многомерные обратные задачи
|
| 610 |
1 |
|
|a проекционные методы
|
| 675 |
|
|
|a 519.63
|v 3
|
| 700 |
|
1 |
|a Кабанихин
|b С. И.
|g Сергей Игоревич
|
| 702 |
|
1 |
|a Романов
|b В. Г.
|4 340
|
| 712 |
0 |
2 |
|a Академия наук СССР (АН СССР)
|b Сибирское отделение (СО)
|b Вычислительный центр
|c (Новосибирск)
|2 stltpush
|3 (RuTPU)RU\TPU\col\11456
|
| 801 |
|
0 |
|a RU
|b RuMRKP
|c 19950417
|g psbo
|
| 801 |
|
1 |
|a RU
|b 63413507
|c 20140611
|
| 801 |
|
2 |
|a RU
|b 63413507
|c 20180503
|g RCR
|
| 942 |
|
|
|c BK
|